| 000 -LEADER |
| fixed length control field |
00484nam a22001217a 4500 |
| 008 - FIXED-LENGTH DATA ELEMENTS--GENERAL INFORMATION |
| fixed length control field |
260311b ||||| |||| 00| 0 eng d |
| 100 ## - MAIN ENTRY--PERSONAL NAME |
| Personal name |
Dubey, Anupama and Mishra, R.K. |
| 245 ## - TITLE STATEMENT |
| Title |
Surface water management aimed regional disparity: A study of Vindhya Plateau and Alluvial Ganga plain regions of India |
| 260 ## - PUBLICATION, DISTRIBUTION, ETC. (IMPRINT) |
| Place of publication, distribution, etc |
Madhya Pradesh Journal of Social Sciences |
| 300 ## - PHYSICAL DESCRIPTION |
| Extent |
29(1), Jun, 2024: p.57-70 |
| 773 ## - HOST ITEM ENTRY |
| Main entry heading |
Madhya Pradesh Journal of Social Sciences |
| 942 ## - ADDED ENTRY ELEMENTS (KOHA) |
| Item type |
Articles |